01303nam a22002897a 4500003000900000005001700009007000300026008003900029020001800068040002500086082002100111100003400132245007900166260005100245300003100296500006500327590002900392650002400421650002500445700003700470910004800507942001400555952013900569952014400708952014400852999001700996DO-SdBNP20260120073951.0ta210317e2020020 dr a 0er 0 eng 100dspa a9789945917765 aDO-SdBNPbspacBNPHU 4a248.4bA197e2221 a Adames, Julio,d1986-97815410aEfecto Zarandeo /cJulio José Adames Castro ; prólogo: Alexis Angulo. aSanto Domingo : bEditora Luz De Luna, c2020. a116 p. : bil. ; c23 cm.  aIncluye datos biográficos del autor en la contracubierta. aInventariado, 2021 /LP  0aVida cristiana9668 0aVida espiritual92681 aAngulo, Alexis, epról.978155 aLopérez. Validado. Control de calidad MFF 2ddccLBS1 00102ddc53708PDaBNPHUbBNPHUcHDd2021-03-17eDepósito Legal l0oBNPHU PD 248.4 A197ep2021-0905r2021-03-17w2021-03-17yLBS1 00102ddc53708PDaBNPHUbBNPHUcHDd2021-03-17eDepósito Legal l0oBNPHU PD 248.4 A197ep2021-0906r2021-03-17te.2w2021-03-17yLBS1 00102ddc56708DSaBNPHUbBNPHUcHDd2021-03-17eDepósito Legal l0oBNPHU DS 248.4 A197ep2021-0907r2021-03-17te.3w2021-03-17yLBS1 c49588d49588